Practical applications of infrared thermal sensing and imaging equipment / (Record no. 175605)
[ view plain ]
| 000 -LEADER | |
|---|---|
| fixed length control field | 01177 a2200229 4500 |
| 003 - CONTROL NUMBER IDENTIFIER | |
| control field | Nust |
| 005 - DATE AND TIME OF LATEST TRANSACTION | |
| control field | 20220802174206.0 |
| 010 ## - LIBRARY OF CONGRESS CONTROL NUMBER | |
| LC control number | 98047919 |
| 020 ## - INTERNATIONAL STANDARD BOOK NUMBER | |
| International Standard Book Number | 0819431389 (softcover) |
| 040 ## - CATALOGING SOURCE | |
| Transcribing agency | Nust |
| 082 00 - DEWEY DECIMAL CLASSIFICATION NUMBER | |
| Classification number | 621.362,KAP |
| 100 1# - MAIN ENTRY--PERSONAL NAME | |
| Personal name | Kaplan, Herbert. |
| 9 (RLIN) | 96343 |
| 245 10 - TITLE STATEMENT | |
| Title | Practical applications of infrared thermal sensing and imaging equipment / |
| Statement of responsibility, etc. | Herbert Kaplan. |
| 250 ## - EDITION STATEMENT | |
| Edition statement | 2nd ed. |
| 260 ## - PUBLICATION, DISTRIBUTION, ETC. | |
| Place of publication, distribution, etc. | Bellingham, Wash. : |
| Name of publisher, distributor, etc. | SPIE Optical Engineering Press, |
| Date of publication, distribution, etc. | c1999. |
| 300 ## - PHYSICAL DESCRIPTION | |
| Extent | xiv, 163 p. : |
| Other physical details | ill. (some col.) ; |
| Dimensions | 26 cm. |
| 440 #0 - SERIES STATEMENT/ADDED ENTRY--TITLE | |
| Title | Tutorial texts in optical engineering ; |
| Volume/sequential designation | v. TT 34 |
| 9 (RLIN) | 96344 |
| 505 ## - FORMATTED CONTENTS NOTE | |
| Formatted contents note | Introduction (Page-1), Basics Of Non Contact Thermal Measurements (Page-7), Matching The Instrument To The Application (Page-37), Overview Of Instruments (Page-55), Using IR Sensing And Imaging Instruments (Page-75), Introduction To Applications (Page-89), Plant Condition Monitoring And Predictive Maintenance (Page-93), Building And Infrastructure (Page-103), Materials Testing (Page-109), Product And Process Monitoring And Control (Page-121). |
| 650 #0 - SUBJECT ADDED ENTRY--TOPICAL TERM | |
| Topical term or geographic name entry element | Infrared equipment. |
| 9 (RLIN) | 96345 |
| 650 #0 - SUBJECT ADDED ENTRY--TOPICAL TERM | |
| Topical term or geographic name entry element | Telecommunication Engineering. |
| 942 ## - ADDED ENTRY ELEMENTS (KOHA) | |
| Koha item type | Reference |
| Source of classification or shelving scheme | |
| Withdrawn status | Lost status | Source of classification or shelving scheme | Damaged status | Not for loan | Permanent Location | Current Location | Shelving location | Date acquired | Full call number | Barcode | Date last seen | Price effective from | Koha item type | Public note |
|---|---|---|---|---|---|---|---|---|---|---|---|---|---|---|
| Military College of Signals (MCS) | Military College of Signals (MCS) | Reference | 12/12/2016 | 621.362,KAP | MCS30930 | 12/08/2016 | 12/12/2016 | Reference | Almirah No.20, Shelf No.4 |
